Separate and Unequal : (Record no. 616485)

MARC details
000 -LEADER
fixed length control field 00474nam a2200193 a 4500
008 - FIXED-LENGTH DATA ELEMENTS--GENERAL INFORMATION
fixed length control field 260302s2007##################000#0#eng##
020 ## - INTERNATIONAL STANDARD BOOK NUMBER
ISBN 9780195336221
082 04 - DEWEY DECIMAL CLASSIFICATION NUMBER
Classification number 323.1196
Item number KIN
100 1# - MAIN ENTRY--AUTHOR NAME
Personal name King, Desmond S.,
245 10 - TITLE STATEMENT
Title Separate and Unequal :
260 ## - PUBLICATION, DISTRIBUTION, ETC. (IMPRINT)
Year of publication 2007.
300 ## - PHYSICAL DESCRIPTION
Number of Pages 388 pages
650 #0 - SUBJECT ADDED ENTRY--TOPICAL TERM
Topical Term History.
942 ## - ADDED ENTRY ELEMENTS (KOHA)
Koha item type English Books

No items available.

Find us on the map